000 00705nam a2200181Ia 4500
008 151018s9999 xx 000 0 und d
082 _bRBASDV18942
_a891.463
100 _aकुमुदिनी रांगणेकर
245 _aपिंगट केसांची तरुणी
250 _b1
260 _bगुलमोहर प्रकाशन सातारा
_c1986
300 _a170
600 _aकुमुदिनी रांगणेकर
630 _aपिंगट केसांची तरुणी
700 _aकुमुदिनी रांगणेकर
730 _aपिंगट केसांची तरुणी
942 _cBOOK
999 _c1019585
_d1019582